Judas Iscariote / (Record no. 24051)

MARC details
000 -LEADER
campo de control de longitud fija 00593nam a2200193 i 4500
001 - NÚMERO DE CONTROL
campo de control 24051
003 - IDENTIFICADOR DE NÚMERO DE CONTROL
campo de control ES-MaACL
005 - FECHA Y HORA DE LA ÚLTIMA TRANSACCIÓN
campo de control 20251125063448.0
007 - CAMPO FIJO DE DESCRIPCIÓN FÍSICA--INFORMACIÓN GENERAL
campo de control de longitud fija t|
008 - DATOS DE LONGITUD FIJA--INFORMACIÓN GENERAL
campo de control de longitud fija 021213s1914 fr ||||1| fre d
100 1# - ENTRADA PRINCIPAL--NOMBRE DE PERSONA
Nombre de persona Andreev, Leonid Nikolaevich,
Fechas asociadas al nombre 1871-1919
9 (RLIN) 242530
245 10 - MENCIÓN DEL TÍTULO
Título Judas Iscariote /
Mención de responsabilidad, etc. Leonid Andreev ; traduit du russe par Serge Persky.
250 ## - MENCION DE EDICION
Mención de edición 12e éd.
260 ## - PUBLICACIÓN, DISTRIBUCIÓN, ETC.
Lugar de publicación, distribución, etc. Paris :
Nombre del editor, distribuidor, etc. [s.n.,
Fecha de publicación, distribución, etc. 1914] (
Lugar de fabricación/manufactura Mayenne :
Fabricante Imp. Charles Bolin)
300 ## - DESCRIPCIÓN FÍSICA
Extensión 278 p. ;
Dimensiones 18 x 12 cm.
700 1# - ENTRADA AGREGADA--NOMBRE PERSONAL
Nombre de persona Persky, Serge.
9 (RLIN) 91402
852 ## - LOCALIZACIÓN
Ubicación ES-MaACL
Número de control de estantería F-425
Holdings
Estatus retirado Estado de pérdida Estado de daño No para préstamo Biblioteca de origen Biblioteca actual Ubicación en estantería Fecha de adquisición Fuente de adquisición Total de préstamos Signatura topográfica completa Código de barras Visto por última vez Precio de reemplazo Tipo de ítem Koha
        Biblioteca del Ateneo de Madrid Biblioteca del Ateneo de Madrid Depósito 2 17/01/2008     F-425 1024788 23/02/2023 23/02/2023 Libro impreso